|
|
|
|
| LEADER |
01659nam a2200445 a 4500 |
| 001 |
nkc20081805611 |
| 003 |
CZ PrNK |
| 005 |
20240215095350.0 |
| 007 |
ta |
| 008 |
080523s2006 xr e f 000 0 cze |
| 015 |
|
|
|a cnb001805611
|
| 020 |
|
|
|q (Brož.)
|
| 040 |
|
|
|a BOA001
|b cze
|
| 041 |
1 |
|
|a cze
|h eng
|
| 043 |
|
|
|a e-xr---
|
| 072 |
|
7 |
|a 628
|x Sanitární technika. Vodárenství. Odpadové hospodářství. Světelná technika
|2 Konspekt
|9 19
|
| 080 |
|
|
|a 626/628
|2 MRF
|
| 080 |
|
|
|a 628.11
|2 MRF
|
| 080 |
|
|
|a 628.1.033
|2 MRF
|
| 080 |
|
|
|a 628.2
|2 MRF
|
| 080 |
|
|
|a (437.3)
|2 MRF
|
| 080 |
|
|
|a (035)
|2 MRF
|
| 100 |
1 |
|
|a Rees, Judith A.
|q (Judith Anne),
|d 1944-
|7 mzk2008453409
|4 aut
|
| 245 |
1 |
0 |
|a Služby veřejných vodovodů a kanalizací :
|b přístup podle principů IWRM /
|c Judith A. ; [překlad a ediční zpracování Andrea Černá, Nataša Kalousková, Petr Dolejš]
|
| 260 |
|
|
|a České Budějovice :
|b W&ET Team,
|c 2006
|
| 300 |
|
|
|a 56 s. ;
|c 23 cm
|
| 490 |
1 |
|
|a Základní řada publikací ;
|v č. 11
|
| 500 |
|
|
|a Přeloženo z angličtiny
|
| 504 |
|
|
|a Obsahuje bibliografii
|
| 650 |
0 |
7 |
|a vodní hospodářství
|7 ph116602
|z Česko
|2 czenas
|
| 650 |
0 |
7 |
|a vodní zdroje
|7 ph116613
|z Česko
|2 czenas
|
| 650 |
0 |
7 |
|a vodovody
|7 ph127173
|z Česko
|2 czenas
|
| 650 |
0 |
7 |
|a kanalizace
|7 ph114860
|z Česko
|2 czenas
|
| 655 |
|
7 |
|a příručky
|7 fd133209
|2 czenas
|
| 830 |
|
0 |
|a Základní řada publikací (Global Water Partnership, Technical Committee)
|
| 910 |
2 |
|
|a BOA001
|b 2-1202.997
|
| 990 |
|
|
|a BK
|
| 995 |
|
|
|a 60
|
| 991 |
|
|
|b 200807
|c NOV
|
| 996 |
6 |
|
|b 2610345384
|c 2-1202.997
|l MZK
|r Sklad / do 1 hodiny
|n 0
|p p.v.
|w 000898498
|u 000010
|a 1
|e BOA001
|j MZK50
|s P
|